LEADER 01080nam a2200241 u 4500 001 000000059855 003 CaOOAMICUS 005 20070226120839.0 008 010706s2000 vc u000 u eng u 035 $a10896290 040 $aBAV$bita$dBAV 100 1 $aKeenan, Marjorie,$csuora.$0(OLS)http://pul/name/41132 245 10$aCare for creation :$bhuman activity and the environment /$csister Marjorie Keenan. 260 $aVatican City :$bLibreria editrice vaticana,$c2000. 300 $a108 p. ;$c21 cm 500 $aIn testa al tit.: Pontifical Council fo Justice and Peace. 504 $aComprende indicazioni bibliografiche. 710 2 $aPontificia Commissio Iustitia et Pax.$0(OLS)http://pul/name/8415 850 $aPUL 852 $aPUL$W1$xSL Religione 3$y85$m241 Pcgp 1$j78023$nBK-PRI$b $qDDC 21$B78023$CPULBib$Z2$F78023 $HPUL99163 $81 941 1 $a9 996 $6245$aCare for creation :$bhuman activity and the environment$9(OLS)http://pul/title/80082 996 $6260$aVatican City :$bLibreria editrice vaticana$9(OLS)http://pul/publisher/69855 LEADER 01425nam a2200325 u 4500 001 000000061142 003 CaOOAMICUS 005 20070226121006.0 008 010903s1998 gw a u000 u ger u 020 $a3451021722 035 $a10900957 040 $aPUL(R)$bita 245 04$aDer ungekündigte Bund? :$bAnteworten des Neuen Testaments /$cKnut Backhaus ... [et al.] ; hrsg. von Hubert Frankemölle. 260 $aFreiburg :$bHerder,$c1998. 300 $a276 p. :$bill. ;$c22 cm 490 1 $aQuaestiones disputatae ;$v172 500 $aComprende indice. 504 $aBibliografia in nota. 630 04$aBiblia.$pN.T.$xCritica e interpretazione.$0(OLS)http://pul/subject/1926 650 4$aAlleanza (teologia).$0(OLS)http://pul/subject/10227 700 1 $aFrankemölle, Hubert.$0(OLS)http://pul/name/25722 700 1 $aBackhaus, Knut.$0(OLS)http://pul/name/41734 830 0$aQuaestiones disputatae (Herder) ;$v172.$0(OLS)http://pul/title/18243 850 $aPUL 852 $aPUL$W1$xSL Religione 2$y84$mTheol A6 172$j79717$nBK-PRI$b $qStampati altre collocazioni$B79717$CPULBib$Z2$F79717 $H $81 941 1 $a10 961 $aINV: 79268 996 $6020$a3451021722$9(OLS)http://pul/number/79182 996 $6245$aDer ungekündigte Bund? :$bAnteworten des Neuen Testaments$9(OLS)http://pul/title/81652 996 $6260$aFreiburg :$bHerder$9(OLS)http://pul/publisher/48354